000 00611nam a22002177a 4500
001 55135
003 UA-OsUOA
005 20211104122813.0
007 ta
008 20080813b un ||||| |||| 00| 0 ukr d
040 _aUA-OsUOA
_bukr
_cUA-OsUOA
_dUA-OsUOA
041 _aukr
080 _a94(477).094
090 _a94(477).094
_bУ45
245 _aУкраїнський визвольний рух
_bнауковий збірник
_nВип. 10
260 _aЛьвів
_c2007
300 _a352 с.
650 7 _a9 Географія. Біографії. Історія
_2UDC
942 _cBK
_2udc
955 _a1
999 _c341218
_d341218